|
|
|
|
| LEADER |
00000nab a2200000uu 4500 |
| 001 |
vtls010912145 |
| 003 |
SK-MaSNL |
| 005 |
20260303184758.0 |
| 008 |
230222|1931 xo |||||||||||||||||cze| |
| 015 |
|
|
|a SNBRB
|
| 035 |
|
|
|a (urnnbn)urn:nbn:sk:snk:ar-a086p2
|
| 035 |
|
|
|a (uuid)63a5a653-a112-428c-a16a-0a6d7c8bdb2c
|
| 035 |
|
|
|a urn:nbn:sk:snk-ab916s
|
| 040 |
|
|
|a SNKBUCL
|b slo
|c SNKBUCL
|e AACR2
|
| 041 |
0 |
|
|a cze
|
| 044 |
|
|
|a xo
|c SK
|
| 100 |
1 |
|
|a Večeř, Antonín,
|d 1853-1941
|4 aut
|9 1215272
|
| 245 |
1 |
0 |
|a K bohaté plodnosti ovocných stromů
|c A. Večeř
|
| 773 |
0 |
|
|t Slovenské ovocinárstvo : odborný časopis pre povznesenie ovocinárstva, vinohradníctva a záhradníctva : orgán Slovenskej ovocinárskej spoločnosti a jej odbočiek
|g Roč. 8, č. 173-174 (1931), s. 121-122
|
| 958 |
|
|
|a ONDV
|
| 958 |
|
|
|a article10
|
| 999 |
|
|
|c 2128113
|d 2130043
|